Magyarország pók-faunája 2. kötet A rendszer

Podrobná bibliografia
Hlavný autor: Herman, Oto, 1835-1914 (Autor)
Médium: Kniha
Jazyk:neznámy jazyk
Fyzický popis:100 s.
Vydavateľské údaje: Budapest A Királyi Magyar Természettudományi Társulat 1878
Predmet:

MARC

LEADER 00000nam a2200000 a 4500
001 vtls001400475
003 SK-MaSNL
005 20260301012031.0
008 240318s1878 xx 0 und
035 |a SNK000354958 
040 |a SNK  |b slo  |c SNK  |e AACR2 
041 0 |a und 
044 |a xx 
100 1 |a Herman, Oto,  |d 1835-1914  |4 aut  |9 12615 
245 1 0 |a Magyarország pók-faunája  |n 2. kötet  |p A rendszer 
260 |a Budapest  |b A Királyi Magyar Természettudományi Társulat  |c 1878 
300 |a 100 s. 
650 0 7 |a pavúky  |2 SNKPH  |9 30429 
651 7 |a Maďarsko  |2 SNKPH  |9 16754 
958 |a ONDV 
999 |c 552499  |d 554429 
952 |t P60, <04>, [BOOK], {604}  |a SNK  |b SNK  |y PREZ  |7 0  |p 17A0257304  |o snkSB 5445/2  |i snk2223/44  |0 0  |1 0  |4 0  |d 2000-11-15  |l 0  |r 2025-02-19 00:00:00  |w 2026-02-23